Loading...
| History - American | 0 | 7 | 0 | 2 | 70 | 58 | 99.00 | 3 | 7 | 0.00 | 0.00 |
| Religion | 0 | 6 | 0 | 2 | 60 | 78 | 116.33 | 3 | 6 | 0.00 | 0.00 |
| History - World | 0 | 4 | 0 | 3 | 40 | 85 | 121.50 | 3 | 4 | 0.00 | 0.00 |
| History - European | 0 | 3 | 0 | 1 | 30 | 115 | 120.33 | 0 | 3 | 0.00 | 0.00 |
| History - Other | 0 | 3 | 0 | 3 | 30 | 119 | 124.67 | 1 | 3 | 0.00 | 0.00 |
| Fine Arts - Other | 0 | 2 | 0 | 0 | 20 | 111 | 117.00 | 1 | 2 | 0.00 | 0.00 |
| Social Science | 0 | 1 | 0 | 0 | 10 | 124 | 124.00 | 0 | 1 | 0.00 | 0.00 |
| Geography | 0 | 1 | 0 | 1 | 10 | 138 | 138.00 | 0 | 1 | 0.00 | 0.00 |
| Fine Arts - Classical Music | 0 | 0 | 0 | 0 | 0 | 0.00 | 0 | 0 | 0.00 | 0.00 | |
| Philosophy | 0 | 0 | 1 | 0 | -5 | 0.00 | 0 | 0 | 0.00 | 0.00 |